Catalog

Record Details

Catalog Search



Available copies

  • 0 of 2 copies available at LARL/NWRL Consortium.
  • 0 of 2 copies available at Lake Agassiz Regional Library. (Show preferred library)

Current holds

6 current holds with 2 total copies.

Show Only Available Copies
Location Call Number / Copy Notes Barcode Shelving Location Status Due Date
Detroit Lakes Public Library PER (Text) 33500014391452 New On holds shelf -
Moorhead Public Library PER (Text) 33500014391445 New On holds shelf -

Record details

  • ISBN: 9780063486560
  • ISBN: 0063486563
  • Physical Description: 370 pages ; 24 cm
  • Edition: First edition.
  • Publisher: New York, NY : Harper, an imprint of HarperCollins Publishers, [2026]

Content descriptions

Summary, etc.:
Dorothy "Dot" Clark, a buttoned-up PR professional ... Read More
Subject: Press secretaries > Fiction.
Truck drivers > Fiction.
Presidents > Election > Fiction.
Small cities > Wisconsin > Fiction.
Man-woman relationships > Fiction.
Cedar Falls (Wis.) > Fiction.
Man-woman relationships > Fiction.
Presidents > Election > Fiction.
Press secretaries > Fiction.
Cedar Falls (Wis.) > Fiction.
Fiction/Romance - Small Town & Rural.
Fiction/Political.
Man-woman relationships > Fiction.
Presidents > Election > Fiction.
Press secretaries > Fiction.
Cedar Falls (Wis.) > Fiction.
Genre: Romance fiction.
Romance fiction.
LDR 03876cam a2200625 i 4500
001485947
003LARL_NWRL_CONSORTIUM
00520260603220636.0
008251210t20262026nyu e 000 1 eng d
040 . ‡aIG# ‡beng ‡erda ‡cIG# ‡dBDX ‡dDWP ‡dOCLCQ ‡dHBP ‡dOCLCO ‡dIH9 ‡dIUK ‡dGL4 ‡dOCLCO ‡dMLSOD ‡dZGR ‡dOCLCO ‡dCHILD ‡dIG# ‡dIMT ‡dXV9
019 . ‡a1572302677
020 . ‡a9780063486560 ‡q(hardcover)
020 . ‡a0063486563 ‡q(hardcover)
035 . ‡a(OCoLC)1560006180 ‡z(OCoLC)1572302677
08204. ‡a813/.6 ‡223
1001 . ‡aPerino, Dana, ‡eauthor. ‡1https://id.oclc.org/worldcat/entity/E39PBJhhtggybkpQ7HgypKrKBP ‡0(LARL_NWRL_CONSORTIUM)222583
24510. ‡aPurple state / ‡cDana Perino.
24634. ‡aPurple state : ‡bWhere red meets blue, and love is never black and white...
250 . ‡aFirst edition.
264 1. ‡aNew York, NY : ‡bHarper, an imprint of HarperCollins Publishers, ‡c[2026]
264 4. ‡c©2026
300 . ‡a370 pages ; ‡c24 cm
336 . ‡atext ‡btxt ‡2rdacontent
337 . ‡aunmediated ‡bn ‡2rdamedia
338 . ‡avolume ‡bnc ‡2rdacarrier
520 . ‡aDorothy "Dot" Clark, a buttoned-up PR professional from New York City feels stuck in her career and her love life. At twenty-five, she expected more from her choices. Seizing a chance to follow her passion, she's sent to Cedar Falls, Wisconsin, a swing district in a swing state that could decide the next presidential election. Joined by her two best friends, Mary and Harper, Dot quickly discovers that small-town Midwestern life is far outside her urban comfort zone. Nestled along the banks of the picturesque Cedar Creek, the charming town of Cedar Falls is everything Dot, Mary, and Harper have been missing. The close-knit community takes pride in its cozy cafes, locally brewed beer, family farms, and, of course, the beloved Reader Falls Bookshop. There, Dot meets the mysterious Danny Dawson, a big-hearted, truck-driving guy who follows hockey, not headlines--a man so unlike anyone she's ever dated that she finds herself falling fast. And Mary and Harper, both tired of dating finance bros and influencer wannabes, soon also discover that guys outside New York might just be hotter, smarter, and more grounded than they'd imagined. But with the campaign heating up, how can Dot find time for Danny when she has a job to do, and what's the point when she's going back to New York City after the election? Can love really cross party lines? Who says that two people from opposite sides of the aisle can't eventually walk down one together?
650 0. ‡aPress secretaries ‡vFiction.
650 0. ‡aTruck drivers ‡vFiction.
650 0. ‡aPresidents ‡xElection ‡vFiction. ‡0(LARL_NWRL_CONSORTIUM)166826
650 0. ‡aSmall cities ‡zWisconsin ‡vFiction.
650 0. ‡aMan-woman relationships ‡vFiction. ‡0(LARL_NWRL_CONSORTIUM)165985
651 0. ‡aCedar Falls (Wis.) ‡vFiction.
650 1. ‡aMan-woman relationships ‡vFiction. ‡0(LARL_NWRL_CONSORTIUM)165985
650 1. ‡aPresidents ‡xElection ‡vFiction. ‡0(LARL_NWRL_CONSORTIUM)166826
650 1. ‡aPress secretaries ‡vFiction.
651 1. ‡aCedar Falls (Wis.) ‡vFiction.
650 7. ‡aFiction/Romance - Small Town & Rural. ‡2bisacsh
650 7. ‡aFiction/Political. ‡2bisacsh
650 7. ‡aMan-woman relationships ‡vFiction. ‡2sears ‡0(LARL_NWRL_CONSORTIUM)165985
650 7. ‡aPresidents ‡xElection ‡vFiction. ‡2sears ‡0(LARL_NWRL_CONSORTIUM)166826
650 7. ‡aPress secretaries ‡vFiction. ‡2sears
651 7. ‡aCedar Falls (Wis.) ‡vFiction. ‡2sears
655 0. ‡aRomance fiction.
655 7. ‡aRomance fiction. ‡2lcgft
936 . ‡aBATCHLOAD
901 . ‡a485947 ‡bOCoLC ‡c485947 ‡tbiblio ‡sIngram On-Order

Additional Resources